000 00312nam a2200145Ia 4500
100 _aSethna/ G.T.
650 _aElectrical Engineering
942 _cBK
654 _aTelevision
245 _aTelevision fault finding
260 _bG.T.Sethna
_aBombay
082 _a621.38
300 _a85
546 _aENGLISH
999 _c24498
_d24498